|
|
|
|
| LEADER |
01009pam a22002658a 4500 |
| 001 |
00023008 |
| 005 |
20171026081022.0 |
| 008 |
110608s1984 ||||||viesd |
| 041 |
0 |
# |
|a vie
|
| 082 |
1 |
4 |
|a 910.7
|b PH561PH
|
| 100 |
0 |
# |
|a Dzemis,Z.E.
|
| 245 |
0 |
0 |
|a Phương pháp luận và phương pháp nghiên cứu đại lí kinh tế xã hội
|c Z.E.Dzemis;Lê Thông,Đào Trọng Năng(dịch)
|
| 260 |
# |
# |
|a H.
|b Giáo Dục
|c 1984
|
| 300 |
# |
# |
|a 195tr.
|c 27cm.
|
| 653 |
# |
# |
|a Kinh tế xã hội
|
| 653 |
# |
# |
|a Phương pháp nghiên cứu
|
| 653 |
# |
# |
|a Địa lí
|
| 700 |
0 |
# |
|a Đào Trọng Năng
|e dịch
|
| 700 |
0 |
# |
|e dịch
|a Lê Thông
|
| 852 |
# |
# |
|b Kho giáo trình
|j KGT.0024352, KGT.0024353, KGT.0024354
|
| 852 |
# |
# |
|b Kho mượn
|j KGT.0024352
|
| 852 |
# |
# |
|b Kho đọc
|j KD.0009903
|
| 852 |
# |
# |
|j KD.0009903
|j KGT.0024352
|j KGT.0024353
|j KGT.0024354
|
| 910 |
|
|
|d 08/06/2011
|
| 980 |
# |
# |
|a Trung tâm Học liệu Lê Vũ Hùng, Trường Đại học Đồng Tháp
|